Language Quiz

Random Language or Spanish Quiz

Partes del Cuerpo Quiz Stats

Quiz not verified by Sporcle

Challenge
Share
Tweet
Embed
Score 0/54 Timer 15:00
0 Plays Today
English Spanish % Correct
cheekmejilla
85.7%
liplabio
85.7%
hairpelo
71.4%
toothdiente
71.4%
shoulderhombro
71.4%
elbowcodo
71.4%
wristmuneca
71.4%
kneerodilla
71.4%
foreheadfrente
57.1%
outer earoreja
57.1%
inner earoido
57.1%
throatgarganta
57.1%
chestpecho
57.1%
fingernailuna
57.1%
neckcuello
57.1%
ankletobillo
57.1%
craniumcraneo
42.9%
jawmandibula
42.9%
chinbarbilla
42.9%
tonguelengua
42.9%
abdomenabdomen
42.9%
navelombligo
42.9%
rectumrecto
42.9%
buttocknalga
42.9%
thighmuslo
42.9%
hipcadera
42.9%
ribcostilla
42.9%
English Spanish % Correct
pelvispelvis
42.9%
gumencia
28.6%
breastseno
28.6%
scrotumescroto
28.6%
heeltalon
28.6%
vertebravertebra
28.6%
clavicleclavicula
28.6%
radiusradio
28.6%
femurfemur
28.6%
tibiatibia
28.6%
molarmuela
14.3%
jointarticulacion
14.3%
knucklenudillo
14.3%
humerushumero
14.3%
carpuscarpo
14.3%
metacarpusmetacarpo
14.3%
phalangefalange
14.3%
sinusseno
0%
spineespina dorsal
0%
scapulaomoplato
0%
sternumesternon
0%
ulnacubito
0%
sacrumsacro
0%
iliumileon
0%
coccyxcoccix
0%
kneecaprotula
0%
fibulaperone
0%

You're not logged in!

Compare scores with friends on all Sporcle quizzes.
Join for Free
OR
Log In

You Might Also Like...

Show Comments

Extras

Created Mar 7, 2012ReportNominate
Tags:Spanish Quiz, del, English

Top Quizzes Today


Score Distribution

Your Account Isn't Verified!

In order to create a playlist on Sporcle, you need to verify the email address you used during registration. Go to your Sporcle Settings to finish the process.

Report this User

Report this user for behavior that violates our Community Guidelines.

Details: